Comuni della Provincia di Reggio Calabria (con mappa) - Statistics

Statistiche generali
  • Questo quiz è stato fatto 39 volte
  • Il punteggio medio è 53 su 97
Risposte nella Mappa
Le risposte nella mappa del quiz sottostante sono codificate secondo una scala di colori dal rosso al verde in base alla % di persone che hanno risposto correttamente.
 
Statistiche sulle risposte
Risposta % Corretto
Reggio Calabria
96%
Gioia Tauro
93%
Villa San Giovanni
93%
Bagnara Calabra
86%
Palmi
82%
Roccella Ionica
82%
San Luca
82%
Scilla
82%
Bianco
79%
Bova
79%
Gioiosa Ionica
79%
Africo
75%
Locri
75%
Rosarno
75%
Bovalino
71%
Marina di Gioiosa Ionica
71%
Motta San Giovanni
71%
Taurianova
71%
Melito di Porto Salvo
68%
Riace
68%
Siderno
68%
Sinopoli
68%
Ardore
64%
Bova Marina
64%
Cittanova
64%
San Ferdinando
64%
Bruzzano Zeffirio
61%
Ferruzzano
61%
Gerace
61%
Monasterace
61%
Oppido Mamertina
61%
Roghudi
61%
San Giorgio Morgeto
61%
Stilo
61%
Campo Calabro
57%
Caulonia
57%
Delianuova
57%
Melicucco
57%
Platì
57%
Polistena
57%
Santa Cristina d'Aspromonte
57%
Seminara
57%
Antonimina
54%
Brancaleone
54%
Laureana di Borrello
54%
Melicuccà
54%
Palizzi
54%
San Lorenzo
54%
Sant'Eufemia d'Aspromonte
54%
Anoia
50%
Bagaladi
50%
Camini
50%
Cinquefrondi
50%
Mammola
50%
Rizziconi
50%
San Procopio
50%
Bivongi
46%
Careri
46%
Ciminà
46%
Cosoleto
46%
San Roberto
46%
Sant'Ilario dello Ionio
46%
Santo Stefano in Aspromonte
46%
Stignano
46%
Varapodio
46%
Agnana Calabra
43%
Canolo
43%
Condofuri
43%
Fiumara
43%
Grotteria
43%
Maropati
43%
Martone
43%
Molochio
43%
Portigliola
43%
San Giovanni di Gerace
43%
San Pietro di Caridà
43%
Sant'Agata del Bianco
43%
Candidoni
39%
Caraffa del Bianco
39%
Cardeto
39%
Feroleto della Chiesa
39%
Laganadi
39%
Montebello Jonico
39%
Samo
39%
Scido
39%
Serrata
39%
Terranova Sappo Minulio
39%
Calanna
36%
Galatro
36%
Roccaforte del Greco
36%
Sant'Alessio in Aspromonte
36%
Staiti
36%
Benestare
32%
Casignana
32%
Giffone
32%
Pazzano
32%
Placanica
32%
Nessun quiz corrispondente trovato
Distribuzione punteggi
Percentuale di utenti per punteggio
Percentile per numero di risposta
I tuoi punteggi nel tempo
Non hai fatto questo quiz